000
00260nam a22001217a 4500
082
_a
620.0044 HUM'E
100
_a
HUME, K. J
_9
75640
245
_a
ENGINEERING METROLOGY
250
_a
3RD
260
_a
LUDNIANA
_b
KALYANI
_c
1970
300
_a
360P
942
_c
BK
999
_c
581034
_d
581034